000 00260nam a22001217a 4500
008 181008b xxu||||| |||| 00| 0 eng d
041 _aeng
080 _a621
100 _a30
101 _aMAK
245 _aMagnetism Metallurgu
_cBrony.sch
942 _2udc
_cBK
999 _c49011
_d49011